000 01642nam a22002297a 4500
001 6666
003 FISKH
005 20250519153952.0
008 250519b cb ||||| |||| 00| 0 eng d
040 _aFISKH
_bkhr
_cFISKH
_dFISKH
082 _a300
100 _aSimet, Chea
245 _aសំណួរ-ចំលើយ សិក្សាសង្គម :
_bសីលធម៏ +ពលរដ្ឋវិជ្ជា គេហវិជ្ជា ថ្នាក់ទី ១០​ /
_cជា សុីម៉េត​
260 _aភ្នំពេញ :
_bសា អុីម​​ ,
_c២០១១ .
300 _a166 pages :
_billustrations ;
_c15 cm .
520 _aសៀវភៅនេះជាឧបករណ៍ដ៏មានតំលៃសម្រាប់ការសិក្សានិងការយល់ដឹងអំពីសង្គម និងបរិស្ថាន។ វាជាវិធីសាស្ត្រដ៏មានប្រសិទ្ធិភាពក្នុងការបង្រៀន និងបណ្តុះបណ្តាលសិស្សឲ្យមានចុះចូលរួមយ៉ាងច្បាស់លាស់ក្នុងសហគមន៍ និងជាអ្នកមានសីលធម៌ល្អ។
520 _aThis book is a valuable resource for studying and understanding society and the environment. It is an effective method for teaching and training students to actively participate in the community and to be good moral citizens.
650 _aសិក្សាសង្គម
650 _aSocial Studies
942 _2ddc
_cKHB
_n0
999 _c6666
_d6666